00921nam a22003617a 450000500170000000800410001702000180005804100080007608200160008410000240010010000310012424500290015526000130018426000190019726000090021630000180022565000210024365000250026465000140028965000180030365000230032165000170034465000190036165000240038065000260040465000200043065000170045065000120046765000140047994200130049399900150050695200380052120241028152338.0160304b xxu||||| |||| 00| 0 spa d a9788492452200 aspa a 658.3 K23c aKaye, Beverly96446 aJordan-Evans, Sharon96447 aCuídalos o piérdelos aEspaña bEmpresa Activa c2005 a414 páginas aRECURSOS HUMANOS aCLIMA ORGANIZACIONAL aLIDERAZGO aCOMPETENCIAS  aEQUIPOS DE TRABAJO aMOTIVACIÓN aCOMUNICACIÓN aTRATO DE EMPLEADOS  aAPOYAR EL CRECIMIENTO aMOSTRAR RESPETO aINNOVACIÓN aVALORES aBIENESTAR cLIT2ddc c7786d7786 o658.3 K23cp20666xDAE x SEyLIT